[Event "44. Torneo Villa de Mislata - B"]
[Site "Mislata ESP"]
[Date "2010.08.17"]
[Round "3.4"]
[White "Capella Gimenez, Jose M"]
[Black "Martinez Villena, David"]
[Result "1-0"]
[WhiteElo "2095"]
[BlackElo "1971"]
[PlyCount "74"]
[EventDate "2010.08.16"]
[EventType "swiss"]
[EventRounds "9"]
[EventCountry "ESP"]
[Source "lmi"]
[SourceDate "2010.08.16"]

1. d4 d5 2. c4 c6 3. Nc3 Nf6 4. e3 e6 5. Nf3 Nbd7 6. Qc2 Be7 7. b3 O-O 8. Bb2
a6 9. Bd3 h6 10. O-O b5 11. Qe2 b4 12. Na4 Ne4 13. Ne5 Bb7 14. Nxd7 Qxd7 15.
Nb6 Qd6 16. Nxa8 Rxa8 17. cxd5 exd5 18. Rac1 a5 19. f3 Ng5 20. e4 Rf8 21. e5
Qd7 22. f4 Nh7 23. Qc2 g6 24. f5 Ng5 25. f6 Bd8 26. Bxg6 Ne4 27. Bxe4 dxe4 28.
Qxe4 c5 29. Qf4 Kh7 30. Qf5+ Qxf5 31. Rxf5 cxd4 32. Bxd4 Rg8 33. g3 Re8 34. Rf4
Re6 35. Rg4 Bd5 36. Rg7+ Kh8 37. Rxf7 Rxe5 1-0

[Event "44. Torneo Villa de Mislata - B"]
[Site "Mislata ESP"]
[Date "2010.08.17"]
[Round "3.5"]
[White "Folch Zaragoza, Jose"]
[Black "Echeverria, Nestor"]
[Result "1/2-1/2"]
[WhiteElo "1968"]
[BlackElo "2055"]
[PlyCount "108"]
[EventDate "2010.08.16"]
[EventType "swiss"]
[EventRounds "9"]
[EventCountry "ESP"]
[Source "lmi"]
[SourceDate "2010.08.16"]

1. c4 e5 2. Nc3 Nc6 3. Nf3 Nf6 4. e4 Bb4 5. d3 h6 6. Be2 d6 7. O-O O-O 8. Nd5
Bc5 9. Be3 Nd7 10. a3 a5 11. Qd2 Bxe3 12. fxe3 Nc5 13. Bd1 f5 14. exf5 Bxf5 15.
e4 Bg4 16. Qe3 Bxf3 17. Rxf3 Rxf3 18. Bxf3 Nd4 19. Rf1 c6 20. Nc3 Qb6 21. Nd1
Qb3 22. Bh5 Qxd3 23. Qf2 Nxe4 24. Qf7+ Kh8 25. Bg6 Ne2+ 26. Kh1 Nf4 27. Kg1
Qd4+ 28. Kh1 Nxg6 29. Qxg6 Nf6 30. Qf7 e4 31. h3 e3 32. Nxe3 Qxe3 33. Rxf6 gxf6
34. Qxf6+ Kg8 35. Qg6+ Kf8 36. Qf6+ Kg8 37. Qg6+ Kf8 38. Qf6+ Ke8 39. Qh8+ Kd7
40. Qxa8 Qc1+ 41. Kh2 Qxb2 42. Qxa5 Ke6 43. Qd8 d5 44. Qg8+ Kd6 45. Qg6+ Kc5
46. cxd5 cxd5 47. Qxh6 Qe5+ 48. Kg1 Qe1+ 49. Kh2 d4 50. Qf8+ Kc4 51. Qc8+ Kd3
52. Qxb7 Qe5+ 53. Kh1 Qe1+ 54. Kh2 Qe5+ 1/2-1/2

[Event "44. Torneo Villa de Mislata - B"]
[Site "Mislata ESP"]
[Date "2010.08.17"]
[Round "3.6"]
[White "Diaz Benitez, Ricardo"]
[Black "Bravo Segura, Francisco Javier"]
[Result "1/2-1/2"]
[WhiteElo "2051"]
[BlackElo "1937"]
[PlyCount "105"]
[EventDate "2010.08.16"]
[EventType "swiss"]
[EventRounds "9"]
[EventCountry "ESP"]
[Source "lmi"]
[SourceDate "2010.08.16"]

1. d4 d5 2. Nf3 e6 3. Bf4 f5 4. e3 Nf6 5. c4 Be7 6. Nc3 c6 7. Bd3 O-O 8. Ne5
Qe8 9. h3 Ne4 10. O-O Nd7 11. f3 Nxc3 12. bxc3 Nxe5 13. Bxe5 Bf6 14. Bd6 Be7
15. Bh2 Bg5 16. Qe2 Bf6 17. Bd6 Be7 18. Bxe7 Qxe7 19. e4 Qf7 20. cxd5 cxd5 21.
c4 Bd7 22. cxd5 exd5 23. e5 Be6 24. Rfc1 Rfc8 25. f4 Rc7 26. Qb2 Rac8 27. a4
Qe7 28. Rxc7 Qxc7 29. Rb1 Qc3 30. Bf1 b6 31. Qxc3 Rxc3 32. a5 bxa5 33. Rb8+ Kf7
34. Rb7+ Kg6 35. Rxa7 Ra3 36. Ra6 Kf7 37. Bb5 Rb3 38. Ra7+ Kf8 39. Rxa5 Rb4 40.
Kf2 Rxd4 41. Kf3 Rb4 42. Ra8+ Kf7 43. Ra7+ Kf8 44. Bd3 Rb3 45. Ke3 Rb4 46. g4
Rb3 47. Kd4 fxg4 48. hxg4 Bxg4 49. Bxh7 Rf3 50. Kxd5 Rxf4 51. Ra8+ Ke7 52. Ra7+
Kf8 53. Bg6 1/2-1/2

[Event "44. Torneo Villa de Mislata - B"]
[Site "Mislata ESP"]
[Date "2010.08.17"]
[Round "3.7"]
[White "Sos Andreu, Erik"]
[Black "Garcia Martinez, Cesar"]
[Result "0-1"]
[WhiteElo "1940"]
[BlackElo "2035"]
[PlyCount "114"]
[EventDate "2010.08.16"]
[EventType "swiss"]
[EventRounds "9"]
[EventCountry "ESP"]
[Source "lmi"]
[SourceDate "2010.08.16"]

1. d4 Nf6 2. Nf3 g6 3. c4 Bg7 4. Nc3 d5 5. g3 O-O 6. cxd5 Nxd5 7. Bg2 Nxc3 8.
bxc3 c5 9. O-O cxd4 10. cxd4 Nc6 11. e3 Qa5 12. Qb3 Rb8 13. Bd2 Qh5 14. Ne1 Bh3
15. Nd3 Bxg2 16. Kxg2 b6 17. Rac1 Rfc8 18. Nf4 Qf5 19. Nd5 Bf8 20. Nb4 Na5 21.
Qd3 Qxd3 22. Nxd3 Nc4 23. Bc3 e6 24. Nb2 Ba3 25. Nd3 Bxc1 26. Rxc1 Rb7 27. Ba1
Rbc7 28. Rd1 Nd6 29. d5 exd5 30. Be5 Rd7 31. Nf4 f6 32. Nxd5 Ne4 33. Kf3 Ng5+
34. Kg2 Rxd5 35. Rxd5 fxe5 36. Rxe5 Nf7 37. Re7 a5 38. Rb7 Rc6 39. Kf3 Kg7 40.
Ke4 Kf6 41. Kd5 Re6 42. e4 Re5+ 43. Kd4 Rb5 44. f4 Ke6 45. g4 Rb4+ 46. Kd3 h6
47. h4 g5 48. fxg5 hxg5 49. hxg5 Ne5+ 50. Kc3 Rc4+ 51. Kb3 a4+ 52. Ka3 Nd7 53.
Ra7 Nc5 54. Ra8 b5 55. Rb8 Rxe4 56. Rxb5 Kd5 57. Rb4 Re3+ 0-1

[Event "44. Torneo Villa de Mislata - B"]
[Site "Mislata ESP"]
[Date "2010.08.17"]
[Round "3.8"]
[White "Perez Garcia, Jose Miguel"]
[Black "Miquel Badenes, Indalecio"]
[Result "1-0"]
[WhiteElo "1988"]
[BlackElo "1922"]
[PlyCount "105"]
[EventDate "2010.08.16"]
[EventType "swiss"]
[EventRounds "9"]
[EventCountry "ESP"]
[Source "lmi"]
[SourceDate "2010.08.16"]

1. d4 d5 2. Nf3 Nf6 3. c4 e6 4. e3 Be7 5. Nbd2 O-O 6. Bd3 c5 7. O-O Nc6 8. dxc5
Bxc5 9. a3 dxc4 10. Bxc4 Qc7 11. b4 Be7 12. Bb2 a6 13. Rc1 Rd8 14. Qc2 Bd7 15.
Ba2 Rac8 16. Bb1 g6 17. Qc3 e5 18. Nxe5 Qxe5 19. Qxe5 Nxe5 20. Bxe5 Bb5 21.
Rxc8 Rxc8 22. Rd1 Rd8 23. Bd4 a5 24. Ne4 Nxe4 25. Bxe4 axb4 26. axb4 Bc6 27.
Bxc6 bxc6 28. Rc1 Bxb4 29. Rxc6 Kf8 30. g4 Rd5 31. Bf6 Ke8 32. Rc8+ Kd7 33.
Rd8+ Ke6 34. Rxd5 Kxd5 35. f3 Ke6 36. Bd4 Be7 37. Kf2 f5 38. Bc3 h5 39. gxf5+
Kxf5 40. e4+ Ke6 41. f4 Bd8 42. Kf3 Bc7 43. Be1 Bd8 44. Bg3 Be7 45. Kg2 h4 46.
Bf2 g5 47. f5+ Ke5 48. Kf3 g4+ 49. Kxg4 Kxe4 50. h3 Bf6 51. Be1 Be7 52. Bd2 Ke5
53. Bf4+ 1-0

[Event "44. Torneo Villa de Mislata - B"]
[Site "Mislata ESP"]
[Date "2010.08.17"]
[Round "3.9"]
[White "Remolar Gallen, Jose"]
[Black "Perales Arona, Joaquin"]
[Result "0-1"]
[WhiteElo "1983"]
[BlackElo "1919"]
[PlyCount "71"]
[EventDate "2010.08.16"]
[EventType "swiss"]
[EventRounds "9"]
[EventCountry "ESP"]
[Source "lmi"]
[SourceDate "2010.08.16"]

1. e4 e6 2. Nf3 d5 3. e5 c5 4. b4 cxb4 5. a3 bxa3 6. c3 Nc6 7. d4 f6 8. exf6
Nxf6 9. Bd3 Bd6 10. O-O O-O 11. Qe2 Re8 12. Ne5 Qb6 13. f4 Nxd4 14. cxd4 Qxd4+
15. Be3 Qxa1 16. Nd2 Qc3 17. Ndf3 Bc5 18. Ng5 Bxe3+ 19. Qxe3 Qc7 20. Qg3 Re7
21. Bg6 hxg6 22. Nxg6 Qc5+ 23. Kh1 Ne4 24. Qh4 Nf2+ 25. Kg1 Ng4+ 26. Kh1 Nh6
27. Nf3 Re8 28. g4 Qb5 29. Re1 a2 30. g5 Nf7 31. Nge5 Qb1 32. Nxf7 Kxf7 33. g6+
Kf8 34. Ng5 a1=Q 35. Nh7+ Kg8 36. Nf6+ 0-1

[Event "44. Torneo Villa de Mislata - B"]
[Site "Mislata ESP"]
[Date "2010.08.17"]
[Round "3.10"]
[White "Mingarro Carceller, Sergi"]
[Black "Bixquert Jimenez, Francisco"]
[Result "1-0"]
[WhiteElo "1826"]
[BlackElo "1998"]
[PlyCount "59"]
[EventDate "2010.08.16"]
[EventType "swiss"]
[EventRounds "9"]
[EventCountry "ESP"]
[Source "lmi"]
[SourceDate "2010.08.16"]

1. e4 c5 2. c3 Nf6 3. e5 Nd5 4. d4 cxd4 5. cxd4 Nc6 6. Nc3 Nxc3 7. bxc3 d6 8.
exd6 Qxd6 9. Nf3 g6 10. Bd3 Bg7 11. O-O O-O 12. a4 e5 13. Ba3 Qc7 14. Bxf8 Kxf8
15. Be4 exd4 16. cxd4 Bg4 17. Rc1 Qd6 18. Bxc6 bxc6 19. h3 Be6 20. Ng5 Bd5 21.
Qg4 h6 22. Nf3 f5 23. Qg3 f4 24. Qg4 Be4 25. Ne5 g5 26. Rfe1 Bd5 27. h4 gxh4
28. Ng6+ Kg8 29. Ne7+ Kh8 30. Qxg7+ 1-0

[Event "44. Torneo Villa de Mislata - B"]
[Site "Mislata ESP"]
[Date "2010.08.18"]
[Round "4.1"]
[White "Gomez Benitez, David"]
[Black "Martinez Piqueras, Carlos"]
[Result "1-0"]
[WhiteElo "2083"]
[BlackElo "2090"]
[PlyCount "61"]
[EventDate "2010.08.16"]
[EventType "swiss"]
[EventRounds "9"]
[EventCountry "ESP"]
[Source "lmi"]
[SourceDate "2010.08.16"]

1. e4 Nf6 2. Nc3 d5 3. exd5 Nxd5 4. Bc4 c6 5. Qf3 Be6 6. Nh3 Nc7 7. Bd3 Nd7 8.
Qg3 Nc5 9. Be2 Bf5 10. d3 e6 11. Bf4 Nd5 12. Nxd5 cxd5 13. d4 Qa5+ 14. c3 Ne4
15. Qe3 Be7 16. O-O O-O 17. Bd3 Bg6 18. Be5 Nd6 19. Bxg6 hxg6 20. Bxd6 Bxd6 21.
Ng5 Be7 22. f4 Bxg5 23. fxg5 Qc7 24. Rf4 Rae8 25. Re1 f5 26. Rh4 b5 27. Qh3 a5
28. Re3 b4 29. Rh8+ Kf7 30. Rh7 Qb6 31. Rxg7+ 1-0

[Event "44. Torneo Villa de Mislata - B"]
[Site "Mislata ESP"]
[Date "2010.08.18"]
[Round "4.2"]
[White "Garcia Martinez, Cesar"]
[Black "Capella Gimenez, Jose M"]
[Result "1/2-1/2"]
[WhiteElo "2035"]
[BlackElo "2095"]
[PlyCount "57"]
[EventDate "2010.08.16"]
[EventType "swiss"]
[EventRounds "9"]
[EventCountry "ESP"]
[Source "lmi"]
[SourceDate "2010.08.16"]

1. e4 c6 2. d4 d5 3. Nc3 g6 4. Nf3 Bg7 5. Be3 Bg4 6. Be2 e6 7. Qd2 h5 8. O-O-O
Ne7 9. Kb1 b5 10. exd5 Nxd5 11. Nxd5 Qxd5 12. h3 Bxf3 13. Bxf3 Qd7 14. g4 h4
15. Rhe1 Na6 16. d5 cxd5 17. Bd4 Bxd4 18. Qxd4 O-O 19. g5 Rac8 20. Be2 Qc7 21.
Bd3 Qa5 22. Qf6 Nb4 23. Bxg6 Qxa2+ 24. Kc1 Rc6 25. Rd4 Rc4 26. Bxf7+ Rxf7 27.
Qg6+ Kf8 28. Qh6+ Kg8 29. Qg6+ 1/2-1/2

[Event "44. Torneo Villa de Mislata - B"]
[Site "Mislata ESP"]
[Date "2010.08.18"]
[Round "4.3"]
[White "Perales Arona, Joaquin"]
[Black "Olaru, Daniel"]
[Result "0-1"]
[WhiteElo "1919"]
[BlackElo "2067"]
[PlyCount "106"]
[EventDate "2010.08.16"]
[EventType "swiss"]
[EventRounds "9"]
[EventCountry "ESP"]
[Source "lmi"]
[SourceDate "2010.08.16"]

1. e4 g6 2. d4 Bg7 3. Be3 d6 4. Nd2 a6 5. Bd3 Nd7 6. Ngf3 c5 7. c3 b6 8. Bc4 e6
9. a4 Bb7 10. O-O Ngf6 11. h3 Nxe4 12. Nxe4 Bxe4 13. Ng5 Nf6 14. Qe2 Bb7 15.
dxc5 bxc5 16. Rad1 Qe7 17. Rfe1 O-O 18. Bf4 d5 19. Bd3 Rfe8 20. h4 Qd7 21. Be5
h6 22. Nh3 Qxa4 23. Nf4 Nd7 24. Bxg7 Kxg7 25. Qg4 Qc6 26. Bxg6 Nf6 27. Nh5+
Nxh5 28. Bxh5+ Kf8 29. Qf4 Re7 30. Qxh6+ Ke8 31. Re5 Kd7 32. Rde1 Rg8 33. Bf3
Rg6 34. Qd2 Qd6 35. h5 f6 36. hxg6 fxe5 37. Qh6 e4 38. Bh5 Qe5 39. Bg4 Rg7 40.
Qh8 d4 41. cxd4 cxd4 42. Qh5 Qxh5 43. Bxh5 Kd6 44. Kh2 Ke5 45. Kg3 d3 46. Kh4
Kf6 47. Rc1 Bd5 48. Rc8 d2 49. Rf8+ Ke7 50. Rc8 Rxg6 51. Rc2 e3 52. fxe3 Rxg2
53. Rc3 Rh2+ 0-1

[Event "44. Torneo Villa de Mislata - B"]
[Site "Mislata ESP"]
[Date "2010.08.18"]
[Round "4.5"]
[White "Leon Colan, Carlos Edmundo"]
[Black "Diaz Benitez, Ricardo"]
[Result "1/2-1/2"]
[WhiteElo "1926"]
[BlackElo "2051"]
[PlyCount "149"]
[EventDate "2010.08.16"]
[EventType "swiss"]
[EventRounds "9"]
[EventCountry "ESP"]
[Source "lmi"]
[SourceDate "2010.08.16"]

1. d4 d6 2. e4 Nf6 3. Bd3 e5 4. c3 Be7 5. Ne2 O-O 6. h3 c5 7. d5 Ne8 8. g4 Bg5
9. Bxg5 Qxg5 10. Qd2 Qxd2+ 11. Nxd2 Nd7 12. Nf1 Nc7 13. Ne3 g6 14. Ng3 b5 15.
h4 c4 16. Bc2 Nc5 17. f3 Bd7 18. Rh2 Kg7 19. h5 f6 20. Kd2 Rad8 21. Rah1 Rh8
22. b3 cxb3 23. axb3 Ra8 24. b4 Nb7 25. hxg6 hxg6 26. Rxh8 Rxh8 27. Bd3 Rxh1
28. Nxh1 Kh6 29. Ke2 Kg5 30. Kf2 a5 31. Ng3 a4 32. Nc2 Nd8 33. Na3 Nf7 34. Ne2
f5 35. gxf5 gxf5 36. c4 bxc4 37. Bxc4 Na8 38. Ke3 Nb6 39. Bd3 f4+ 40. Kf2 Kh4
41. Nc3 Kg5 42. Bc2 Kf6 43. b5 Ke7 44. Bxa4 Kd8 45. Bb3 Kc7 46. Bc4 Nd8 47. Bf1
Nb7 48. Ke1 Nc5 49. Kd1 Nb3 50. Bg2 Nd4 51. Ke1 Nc8 52. Kf2 Kb6 53. Bf1 Kc5 54.
Na2 Nb6 55. Bd3 Na4 56. Bf1 Nxb5 57. Bxb5 Bxb5 58. Nxb5 Kxb5 59. Nc1 Kc4 60.
Ne2 Nc5 61. Ng1 Kd3 62. Nh3 Nxe4+ 63. fxe4 Kxe4 64. Ng5+ Kxd5 65. Kf3 Kd4 66.
Ne6+ Kc4 67. Ng5 d5 68. Nf7 Kd4 69. Nd6 Kd3 70. Nf7 e4+ 71. Kxf4 e3 72. Ne5+
Kd2 73. Nf3+ Ke2 74. Nd4+ Kd3 75. Ke5 1/2-1/2

[Event "44. Torneo Villa de Mislata - B"]
[Site "Mislata ESP"]
[Date "2010.08.18"]
[Round "4.6"]
[White "Romero Serrate, Ignacio"]
[Black "Segarra Martinez, Axel"]
[Result "1-0"]
[WhiteElo "2033"]
[BlackElo "1956"]
[PlyCount "111"]
[EventDate "2010.08.16"]
[EventType "swiss"]
[EventRounds "9"]
[EventCountry "ESP"]
[Source "lmi"]
[SourceDate "2010.08.16"]

1. f4 d5 2. Nf3 c6 3. e3 Bg4 4. d4 e6 5. Bd3 f5 6. Nbd2 Nf6 7. c4 Bd6 8. Qb3
Qc8 9. Ne5 O-O 10. O-O Kh8 11. Nxg4 Nxg4 12. Nf3 Nd7 13. h3 Nh6 14. Bd2 Re8 15.
Rac1 Nf6 16. Qd1 Ne4 17. Ne5 Qd8 18. Bxe4 dxe4 19. Qh5 Bxe5 20. fxe5 c5 21. Bc3
cxd4 22. exd4 Qb6 23. b3 Rad8 24. Rcd1 Ng8 25. g4 Ne7 26. Qg5 h6 27. Qh4 Kh7
28. Qe1 g6 29. Ba5 Qc6 30. Bxd8 Rxd8 31. Qe3 b5 32. Rc1 Qb6 33. Rfd1 Nc6 34. c5
Qa5 35. gxf5 gxf5 36. Kh1 Qxa2 37. Ra1 Qb2 38. Rab1 Qa3 39. Rd2 Qb4 40. Rg1 Rg8
41. Rxg8 Kxg8 42. Rg2+ Kf7 43. Qxh6 Ne7 44. Qf6+ Ke8 45. Qxe6 Kd8 46. Qd6+ Ke8
47. Qb8+ Kf7 48. e6+ Kxe6 49. Qd6+ Kf7 50. Qe5 Qe1+ 51. Kh2 Qh4 52. Rg7+ Kf8
53. Rg2 a5 54. d5 Qh7 55. d6 Nc6 56. Qf6+ 1-0

[Event "44. Torneo Villa de Mislata - B"]
[Site "Mislata ESP"]
[Date "2010.08.18"]
[Round "4.7"]
[White "Sanchiz Marti, Josep Miquel"]
[Black "Rasskin Friederichs, Ivan"]
[Result "0-1"]
[WhiteElo "1993"]
[BlackElo "1905"]
[PlyCount "54"]
[EventDate "2010.08.16"]
[EventType "swiss"]
[EventRounds "9"]
[EventCountry "ESP"]
[Source "lmi"]
[SourceDate "2010.08.16"]

1. d4 g6 2. c4 Nf6 3. Nc3 Bg7 4. e4 O-O 5. f3 d6 6. Be3 c5 7. d5 e6 8. Bd3 exd5
9. cxd5 a6 10. a4 Nbd7 11. f4 Re8 12. Qf3 Nb6 13. h3 Nxe4 14. Bxe4 Bxc3+ 15.
bxc3 Qe7 16. a5 Nc4 17. Ne2 Qxe4 18. Qxe4 Rxe4 19. Bc1 b5 20. Kf2 f5 21. g4
fxg4 22. Ng3 Re7 23. f5 Bxf5 24. Bg5 Rf7 25. Kg2 gxh3+ 26. Kh2 Bg4 27. Rhe1
Rf2+ 0-1

[Event "44. Torneo Villa de Mislata - B"]
[Site "Mislata ESP"]
[Date "2010.08.18"]
[Round "4.8"]
[White "Martinez Villena, David"]
[Black "Mingarro Carceller, Sergi"]
[Result "1-0"]
[WhiteElo "1971"]
[BlackElo "1826"]
[PlyCount "81"]
[EventDate "2010.08.16"]
[EventType "swiss"]
[EventRounds "9"]
[EventCountry "ESP"]
[Source "lmi"]
[SourceDate "2010.08.16"]

1. e4 e6 2. d4 d5 3. Nc3 Nf6 4. Bg5 Bb4 5. e5 h6 6. Bd2 Bxc3 7. bxc3 Ne4 8. Bd3
Nxd2 9. Kxd2 Qg5+ 10. Ke2 c5 11. Nf3 Qe7 12. Kf1 c4 13. Be2 Nc6 14. h4 b5 15.
a3 a5 16. g3 Rb8 17. Kg2 Bd7 18. Qd2 O-O 19. g4 f6 20. exf6 Qxf6 21. g5 Qf4 22.
Qxf4 Rxf4 23. gxh6 gxh6 24. Rh3 Kf7 25. Rg3 Re4 26. Re1 Kf6 27. h5 Be8 28. Nh2
Bxh5 29. Ng4+ Bxg4 30. Rxg4 Rxg4+ 31. Bxg4 e5 32. Bd7 Ne7 33. dxe5+ Kf7 34. Rb1
Rb7 35. e6+ Kf6 36. Rh1 Nf5 37. Rh3 b4 38. cxb4 axb4 39. axb4 Rxb4 40. Rf3 Ke5
41. Rxf5+ 1-0

[Event "44. Torneo Villa de Mislata - B"]
[Site "Mislata ESP"]
[Date "2010.08.18"]
[Round "4.9"]
[White "Bravo Segura, Francisco Javier"]
[Black "Folch Zaragoza, Jose"]
[Result "1-0"]
[WhiteElo "1937"]
[BlackElo "1968"]
[PlyCount "85"]
[EventDate "2010.08.16"]
[EventType "swiss"]
[EventRounds "9"]
[EventCountry "ESP"]
[Source "lmi"]
[SourceDate "2010.08.16"]

1. d4 d5 2. c4 e5 3. dxe5 d4 4. Nf3 Nc6 5. h3 Bf5 6. a3 Nge7 7. Nbd2 d3 8. exd3
Bxd3 9. Bxd3 Qxd3 10. Qe2 Qxe2+ 11. Kxe2 Ng6 12. Re1 Bc5 13. Nb3 Be7 14. Kf1
O-O-O 15. Bd2 h6 16. Bc3 Rhe8 17. Rad1 Rxd1 18. Rxd1 Bf8 19. Re1 Nf4 20. Nbd4
Nd8 21. Rd1 g6 22. h4 a6 23. g3 Nfe6 24. Nxe6 Nxe6 25. b4 Bg7 26. Rd5 g5 27.
hxg5 hxg5 28. Nh2 Nf8 29. f4 gxf4 30. gxf4 Ne6 31. Bd2 Rh8 32. Kg2 Bh6 33. f5
Nf4+ 34. Bxf4 Bxf4 35. Ng4 Rh4 36. e6 fxe6 37. fxe6 Bd6 38. Nf6 Rxc4 39. Rxd6
Rg4+ 40. Nxg4 cxd6 41. Kf3 Kd8 42. Ke4 Ke7 43. Kd5 1-0

[Event "44. Torneo Villa de Mislata - B"]
[Site "Mislata ESP"]
[Date "2010.08.18"]
[Round "4.10"]
[White "Llamazares Lopez, Marcos"]
[Black "Remolar Gallen, Jose"]
[Result "0-1"]
[WhiteElo "1923"]
[BlackElo "1983"]
[PlyCount "70"]
[EventDate "2010.08.16"]
[EventType "swiss"]
[EventRounds "9"]
[EventCountry "ESP"]
[Source "lmi"]
[SourceDate "2010.08.16"]

1. c4 e5 2. Nc3 Nc6 3. g3 g6 4. Bg2 Bg7 5. a3 d6 6. Rb1 f5 7. d3 h6 8. e3 Nf6
9. b4 O-O 10. Nge2 Rb8 11. O-O Be6 12. b5 Na5 13. Qa4 b6 14. Bd2 Qd7 15. Na2
Nb7 16. Bc6 Qf7 17. Qxa7 Nc5 18. Nb4 e4 19. Nf4 exd3 20. Nbd5 Rfc8 21. Bb4 Nxd5
22. cxd5 Bd7 23. Bxc5 Bxc6 24. bxc6 Ra8 25. Qb7 dxc5 26. Ne6 Be5 27. Nxc7 Bxc7
28. d6 Bxd6 29. Rxb6 Rcb8 30. Qxf7+ Kxf7 31. Rb7+ Rxb7 32. cxb7 Rb8 33. Rb1 c4
34. Kf1 c3 35. Ke1 Bxa3 0-1

[Event "44. Torneo Villa de Mislata - B"]
[Site "Mislata ESP"]
[Date "2010.08.19"]
[Round "5.2"]
[White "Martinez Piqueras, Carlos"]
[Black "Martinez Villena, David"]
[Result "0-1"]
[WhiteElo "2090"]
[BlackElo "1971"]
[PlyCount "70"]
[EventDate "2010.08.16"]
[EventType "swiss"]
[EventRounds "9"]
[EventCountry "ESP"]
[Source "lmi"]
[SourceDate "2010.08.16"]

1. e4 d5 2. exd5 Nf6 3. c4 c6 4. d4 cxd5 5. Nc3 Nc6 6. Nf3 e6 7. Bd3 a6 8. O-O
dxc4 9. Bxc4 b5 10. Bd3 Bb7 11. Bg5 Be7 12. Re1 O-O 13. a3 Rc8 14. Rc1 Qd6 15.
Bb1 Rfd8 16. Bxf6 Bxf6 17. Ne4 Qf4 18. Nxf6+ Qxf6 19. Qd3 g6 20. d5 Rxd5 21.
Qe2 Rcd8 22. Be4 R5d6 23. b4 Nd4 24. Nxd4 Bxe4 25. Qxe4 Rxd4 26. Qb7 Rd2 27.
Qb6 R8d6 28. Qe3 R6d3 29. Rc8+ Kg7 30. Qc5 Rd8 31. Rxd8 Rxd8 32. h3 Rd2 33. Re5
Rd1+ 34. Kh2 Qf4+ 35. g3 Qf3 0-1

[Event "44. Torneo Villa de Mislata - B"]
[Site "Mislata ESP"]
[Date "2010.08.19"]
[Round "5.3"]
[White "Martinez Hernandez, Javier"]
[Black "Romero Serrate, Ignacio"]
[Result "0-1"]
[WhiteElo "1987"]
[BlackElo "2033"]
[PlyCount "84"]
[EventDate "2010.08.16"]
[EventType "swiss"]
[EventRounds "9"]
[EventCountry "ESP"]
[Source "lmi"]
[SourceDate "2010.08.16"]

1. Nf3 d5 2. d4 c6 3. e3 e6 4. Bd3 f5 5. Nbd2 Bd6 6. Ne5 Nf6 7. Ndf3 Nbd7 8.
Qe2 Qc7 9. Bd2 Ne4 10. O-O Nxd2 11. Qxd2 Nxe5 12. Nxe5 Bxe5 13. dxe5 Qxe5 14.
Qb4 Qc7 15. f3 Qe7 16. Qb3 Qc5 17. Kh1 Qxe3 18. Rae1 Qg5 19. c4 O-O 20. Re5 Rb8
21. Qa3 a6 22. Qd6 Ra8 23. Rfe1 Qd8 24. Qc5 Rf7 25. cxd5 cxd5 26. Rc1 Bd7 27.
Rce1 Rc8 28. Qe3 Rc6 29. f4 Qb6 30. Qe2 Qc7 31. g4 Rc1 32. gxf5 Rxe1+ 33. Qxe1
exf5 34. h4 h6 35. Qg1 Qd8 36. Qg3 Qf6 37. Kg2 Qb6 38. Re2 Qd4 39. Qf3 Bc6 40.
Kh3 Qg1 41. Rh2 d4 42. Qe2 Kf8 0-1

[Event "44. Torneo Villa de Mislata - B"]
[Site "Mislata ESP"]
[Date "2010.08.19"]
[Round "5.4"]
[White "Rasskin Friederichs, Ivan"]
[Black "Aguilar Guillamont, Jesus"]
[Result "1-0"]
[WhiteElo "1905"]
[BlackElo "1943"]
[PlyCount "35"]
[EventDate "2010.08.16"]
[EventType "swiss"]
[EventRounds "9"]
[EventCountry "ESP"]
[Source "lmi"]
[SourceDate "2010.08.16"]

1. e4 e5 2. Nf3 Nf6 3. Nxe5 d6 4. Nf3 Nxe4 5. d4 d5 6. Bd3 Be7 7. O-O Bg4 8. c4
c6 9. h3 Bh5 10. cxd5 Qxd5 11. Re1 f5 12. Qe2 Qd6 13. Bxe4 fxe4 14. Qxe4 Nd7
15. Bf4 Qf6 16. Bg5 Bxf3 17. Qxe7+ Qxe7 18. Rxe7+ 1-0

[Event "44. Torneo Villa de Mislata - B"]
[Site "Mislata ESP"]
[Date "2010.08.19"]
[Round "5.5"]
[White "Sos Andreu, Erik"]
[Black "Echeverria, Nestor"]
[Result "1-0"]
[WhiteElo "1940"]
[BlackElo "2055"]
[PlyCount "101"]
[EventDate "2010.08.16"]
[EventType "swiss"]
[EventRounds "9"]
[EventCountry "ESP"]
[Source "lmi"]
[SourceDate "2010.08.16"]

1. e4 e5 2. Nf3 Nf6 3. Nxe5 Nxe4 4. Qe2 Qe7 5. Qxe4 d6 6. d4 dxe5 7. Qxe5 Qxe5+
8. dxe5 Bf5 9. c3 Nc6 10. Bb5 Bd7 11. Bxc6 Bxc6 12. O-O O-O-O 13. Be3 Re8 14.
f4 g5 15. fxg5 Rxe5 16. Bd4 Rxg5 17. g3 Rhg8 18. Nd2 Bd6 19. Nf3 Rxg3+ 20. hxg3
Rxg3+ 21. Kf2 Rxf3+ 22. Ke2 Rh3 23. Rxf7 Bb5+ 24. Kd2 Bc4 25. Rf2 Bg3 26. Rf8+
Kd7 27. b3 Rh2+ 28. Ke3 Bd5 29. c4 Bd6 30. Rf2 Rh3+ 31. Ke2 Be6 32. Rg1 a5 33.
Rg7+ Kc6 34. Rf6 Rh4 35. Kd3 Rh3+ 36. Be3 Bc8 37. c5 Rh5 38. cxd6 cxd6 39. Rff7
Bf5+ 40. Kc3 b5 41. a3 Bg6 42. Rb7 b4+ 43. axb4 axb4+ 44. Kxb4 Rh3 45. Ba7 Rh4+
46. Kc3 Rh3+ 47. Kc4 d5+ 48. Kb4 Rh4+ 49. Ka5 d4 50. Rgd7 Rh5+ 51. Ka4 1-0

[Event "44. Torneo Villa de Mislata - B"]
[Site "Mislata ESP"]
[Date "2010.08.19"]
[Round "5.6"]
[White "Remolar Gallen, Jose"]
[Black "Leon Colan, Carlos Edmundo"]
[Result "0-1"]
[WhiteElo "1983"]
[BlackElo "1926"]
[PlyCount "72"]
[EventDate "2010.08.16"]
[EventType "swiss"]
[EventRounds "9"]
[EventCountry "ESP"]
[Source "lmi"]
[SourceDate "2010.08.16"]

1. d4 d5 2. e3 e6 3. Bd3 Bd6 4. f4 f5 5. Nf3 Nf6 6. O-O c5 7. c3 O-O 8. Ne5
Nbd7 9. b3 Qe7 10. Ba3 a6 11. Rf3 Ne4 12. Bxe4 dxe4 13. Rh3 cxd4 14. Bxd6 Qxd6
15. cxd4 b5 16. a4 Bb7 17. Na3 Nxe5 18. fxe5 Qd7 19. Rb1 Bd5 20. Qh5 g6 21. Qh6
Rab8 22. axb5 axb5 23. Nc2 b4 24. Rg3 Qg7 25. Qf4 Rfc8 26. Rb2 Rc3 27. h4 Rxb3
28. Rxb3 Bxb3 29. Nxb4 Rxb4 30. h5 Rb8 31. hxg6 hxg6 32. Qf1 Bd5 33. Qa6 Ra8
34. Qd6 g5 35. Qb6 g4 36. Qb2 Qa7 0-1

[Event "44. Torneo Villa de Mislata - B"]
[Site "Mislata ESP"]
[Date "2010.08.19"]
[Round "5.7"]
[White "Romero Gomez, Juan Carlos"]
[Black "Orfali, Marcelo-Rafael"]
[Result "0-1"]
[WhiteElo "1899"]
[BlackElo "2036"]
[PlyCount "74"]
[EventDate "2010.08.16"]
[EventType "swiss"]
[EventRounds "9"]
[EventCountry "ESP"]
[Source "lmi"]
[SourceDate "2010.08.16"]

1. e4 c6 2. d4 d5 3. Nc3 dxe4 4. Nxe4 Nf6 5. Nxf6+ exf6 6. c3 Bd6 7. Bd3 O-O 8.
Ne2 Re8 9. O-O Nd7 10. Bf4 Nf8 11. Bxd6 Qxd6 12. Ng3 Qf4 13. Qb3 b6 14. Rfe1
Be6 15. Qc2 g6 16. Ne4 Kg7 17. Re3 f5 18. Rf3 Qc7 19. Ng5 Bd5 20. Rh3 f6 21.
Nf3 Ne6 22. Bxf5 Nf4 23. Rh4 Bxf3 24. gxf3 gxf5 25. Qxf5 Ng6 26. Rg4 Qc8 27.
Qd3 f5 28. Rg5 Kf6 29. Rh5 Nf4 30. Rh6+ Kg5 31. Qd2 Qc7 32. Rh3 Re2 33. Rg3+
Kf6 34. Qd1 Rae8 35. Kf1 Rxb2 36. d5 cxd5 37. Qa4 Qc4+ 0-1